Ariana Grande - Break Up With Your Girlfriend Lyrics - Statistics

General Stats
  • This quiz has been taken 1,247 times
  • The average score is 291 of 358
Answer Stats
Lyric % Correct
I
99%
You
99%
you
99%
your
97%
Break
96%
girlfriend
96%
up
96%
with
96%
With
96%
I'm
95%
bored
94%
it
94%
yeah
94%
the
93%
'cause
92%
do
92%
know
91%
me
91%
can
90%
in
90%
Ain't
89%
ain't
89%
don't
89%
But
88%
but
88%
like
88%
right
87%
mornin'
86%
hit
85%
to
85%
it's
83%
yours
83%
care
82%
Then
82%
this
82%
This
82%
When
79%
got
78%
And
77%
and
77%
what
77%
say
76%
Say
76%
she
76%
way
76%
on
75%
some
75%
of
74%
type
74%
about
73%
'bout
73%
feel
73%
not
73%
think
73%
there
72%
at
67%
can't
67%
fair
67%
my
66%
she's
66%
feelin'
65%
damn
64%
you're
63%
You're
63%
fuckin'
61%
want
61%
shit
60%
always
59%
how
59%
look
58%
just
56%
shouldn't
56%
doing
55%
face
55%
wanna
55%
streets
54%
taste
54%
thinkin'
54%
we
54%
one
53%
her
52%
songs
52%
home
51%
singin'
51%
used
51%
compare
50%
give
50%
away
49%
for
49%
happens
48%
knees
48%
Now
48%
Why
48%
Usually
47%
all
44%
play
44%
trippin'
44%
if
42%
Practically
42%
without
42%
crazy
41%
please
41%
only
39%
realized
39%
Acting
38%
hate
38%
innocent
38%
never
38%
keeps?
37%
Took
37%
even
36%
hatin'
36%
met
35%
nice
34%
call
32%
here
31%
out
29%
that
23%
baby
22%
No matching quizzes found
Score Distribution
Percent of People with Each Score
Percentile by Number Answered
Your Score History
You have not taken this quiz